| 000 | 02593cam0 2200493 ib4500 | ||
|---|---|---|---|
| 001 | BY-MA0022-br323302 | ||
| 005 | 20250911115136.0 | ||
| 010 |
^a978-5-9951-5334-4 ^bв переплете ^d5р. |
||
| 035 | ^a(BY-MI0006)BY-MA0022-br323302 | ||
| 035 | ^a(BY-MI0021)BY-MA0022-br323302 | ||
| 100 | ^a20241231d2022 c y0rusy50 ca | ||
| 101 | 1 |
^arus ^cfin |
|
| 102 | ^aRU | ||
| 105 | ^aa z 000ay | ||
| 109 | ^ama | ||
| 200 | 1 | ^a— Алло, это Хилья! | |
| 210 | ^d2022 | ||
| 215 |
^a124, [3] с. ^cцв. ил. ^d22 см |
||
| 333 | ^a6+ | ||
| 345 | ^93000 экз. | ||
| 461 | 1 |
^12001 ^aХилья ^e[для детей младшего школьного возраста] ^fХейди Вихерйуури ^gиллюстрации Нади Сарелл ^gперевод [с финского] Марины Киннунен ^vКн. 3 ^1210 ^aМосква ^cСтрекоза ^d2022 ^12251 ^aДесткая художественная литература |
|
| 606 | 0 |
^aПОВЕСТИ ^3BY-NLB-ar2735501 ^2DVNLB |
|
| 606 | 0 |
^aСКАЗОЧНЫЕ ПОВЕСТИ ^3BY-NLB-ar6485726 ^2DVNLB |
|
| 606 | 0 |
^aФИНСКАЯ ЛИТЕРАТУРА ^3BY-NLB-ar36129 ^2DVNLB |
|
| 606 | 0 |
^aХУДОЖЕСТВЕННАЯ ЛИТЕРАТУРА ^3BY-NLB-ar37179 ^2DVNLB |
|
| 606 | 0 |
^aЗАРУБЕЖНАЯ ЛИТЕРАТУРА ^3BY-NLB-ar10779 ^2DVNLB |
|
| 606 | 0 |
^aДЕТСКАЯ И ЮНОШЕСКАЯ ЛИТЕРАТУРА ^3BY-NLB-ar2691728 ^2DVNLB |
|
| 608 |
^aДЕТСКАЯ И ЮНОШЕСКАЯ ЛИТЕРАТУРА (художеств. произведение) ^3BY-NLB-ar9019 ^2BYGNR |
||
| 608 |
^aСКАЗОЧНАЯ ПОВЕСТЬ ^3BY-NLB-ar3140829 ^2BYGNR |
||
| 608 |
^aПОВЕСТЬ ^3BY-NLB-ar23936 ^2BYGNR |
||
| 686 |
^a84(4Фин)-4 ^2rubbk |
||
| 690 |
^a1 ^2Base ^9BY-MI0006 ^xRSEK |
||
| 700 | 1 |
^aВихерйуури ^bХ. ^gХейди |
|
| 702 | 1 |
^aСарелл ^bН. ^gНадя ^4440 |
|
| 702 | 1 |
^aКиннунен ^bМ. ^gМарина ^4730 |
|
| 801 | 0 |
^aBY ^bBY-MA0022 ^c20241231 ^gRCR |
|
| 801 | 2 |
^aBY ^bBY-MA0000 ^c20241231 ^gRCR |
|
| 801 | 2 |
^aBY ^bBY-MI0021 ^c20250505 ^gRCR |
|
| 801 | 2 |
^aBY ^bBY-MI0006 ^c20250911 ^gRCR |
|
| 899 | 0 |
^aBY-MI0006 ^iВ42 ^h84(4Фин)-4 |
|